Estatísticas para Riverdale

Clique aqui para jogar o quiz

Estatísticas Gerais

  • Esse quiz foi jogado 22 vezes
  • A pontuação média é 7 de 15

Estatísticas das Respostas

HintResposta% Correto
Por quem Betty era apaixonada na Primeira temporada?Archie
79%
Quem comprou o lado sul de riverdale e criou o projeto SoDale?Hiram
79%
Quem fica Rei ou Rainha Serpente quando FP se aposenta?Jughead
79%
Quem namora Tony?Cheryl
68%
Quem é o verdadeiro Gorro Negro?Hal
58%
Qual é o nome da irmã de Jughead Jones?JellyBean
58%
Qual é o nome do cachorro do Archie?Vegas
53%
Onde Verónica morava antes de Riverdale?Nova Iorque
47%
Qual a emissora original da série?The CW
37%
Quem foi o primeiro assassino a morrer?Clifford
32%
Quem ajudou Veronica e Toni a tirar a Cheryl das irmãs da misericórdia?Kevin
21%
Quem era a nova "ficante"da Cheryl na 5a temporada?Minerva
21%
Quem era o verdadeiro Rei Gargula?Chick
16%
Qual o nome do primeiro xerife de Riverdale?Tom
16%
Qual é o nome do diretor de Riverdale High?Waldo
5%

Distribuição das Pontuações

Percentil de Números Respondidos

Porcentagem de Pessoas com Cada Pontuação

Sua Pontuação Histórica

Você não jogou esse quiz